טוען...
Location-aware mobile management in a multi-access wireless networks
| מחבר ראשי: | |
|---|---|
| מחבר תאגידי: | |
| פורמט: | Ph.D Thesis |
| יצא לאור: |
2013
|
| נושאים: |
| LEADER | 00529nam a22001337a 4500 | ||
|---|---|---|---|
| 100 | |a Ilyas, Muhamed P. |9 31723 | ||
| 245 | |a Location-aware mobile management in a multi-access wireless networks | ||
| 260 | |c 2013 | ||
| 300 | |a 175 pages. | ||
| 650 | |a Mobile management, |a Multi access wireless network. |9 31724 | ||
| 710 | |a Mahatma Gandhi University, |b School of Computer Sciences. |f October,2013 |k Hard bound |9 31611 | ||
| 942 | |c THES | ||
| 999 | |c 85418 |d 85418 | ||
| 952 | |0 0 |1 0 |4 0 |7 0 |9 77762 |a SOCS |b SOCS |d 2016-04-27 |l 0 |p SOCST8 |r 2016-04-27 |w 2016-04-27 |y THES | ||